Four W's - Statistics

General Stats
  • This quiz has been taken 5 times
  • The average score is 13 of 48
Answer Stats
The W's Answer % Correct
Who (four Scousers) The Beatles
100%
Who Bonnie and Clyde
60%
Who (a Carolingian) Charlemagne
60%
What Crowned Holy Roman Emperor
60%
When (Christmas Day) December 25, 800
60%
When February 9, 1964
60%
Where Himalayas, India/Tibet
60%
Who (born in Bonn) Ludwig van Beethoven
60%
Who Marie Curie
60%
When (four days before a coronation) May 29, 1953
60%
Who (from the Xhosa tribe) Nelson Mandela
60%
Who (a Kiwi and a Sherpa) Sir Edmund Hillary and Tenzing Norgay
60%
Where (just south of the I-20, east of Shreveport) Bienville Parish, Louisiana
40%
Where CBS Studio 50, New York
40%
What First successful ascent of Mount Everest
40%
When (a month into the 'Summer of Love') July 20, 1969
40%
What Moon landing
40%
Who Neil Armstrong and Buzz Aldrin
40%
Where Pretoria, South Africa
40%
Where (just south of Mare Serenitatis) Sea of Tranquility
40%
Where St. Peter's Basilica, Rome
40%
Who (a Ptolemy) Cleopatra
20%
Who (a Dubliner) James Joyce
20%
When July 18, 1976
20%
What (in their stolen Ford Deluxe) Killed by law enforcement
20%
When (there was a solar eclipse that day) May 10, 1994
20%
Where Montréal Forum, Montréal, Québec
20%
Who (a Romanian) Nadia Comaneci
20%
What (she earned six more at the XXI games) Perfect 10
20%
What (it's in C minor) Premiere of 5th Symphony
20%
Where Theatre an der Wien, Vienna
20%
What (won again for Chemistry in 1911) Awarded Nobel Prize in Physics
0%
When December 10, 1903
0%
When December 12, 1901
0%
What Defeat at the Battle of Actium
0%
What Elected president
0%
When (on Groundhog Day, not Bloomsday) February 2, 1922
0%
What (seen by 73 million) First appearance on U.S. TV
0%
What (it was just three clicks) First trans-Atlantic radio transmission
0%
Who Guglielmo Marconi
0%
Where (south of the Adriatic) Ionian Sea, Greece
0%
When June 18, 1815
0%
When May 23, 1934
0%
What Publication of Ulysses
0%
When September 2-3, 31 B.C.
0%
Where Shakespeare and Company, Paris
0%
Where (the receiving end) Signal Hill, St. John's, Newfoundland
0%
Where (the Vasa was launched nearby) Stockholms Stadshuset, Stockholm
0%
No matching quizzes found
Score Distribution
Percent of People with Each Score
Percentile by Number Answered
Your Score History
You have not taken this quiz